000 00761nam a2200217Ia 4500
003 OSt
005 20250909121044.0
008 220926b |||||||| |||| 00| 0 eng d
037 _cReference
040 _aRTL
_cRTL
_beng
041 _2eng
_aeng
084 _aRv53.M L9/Sc
_qRTL
100 _aKearns,Edward John
_9370978
245 0 _aIdeas in seventeenth Century France: The most important thinkers and the climate of ideas in which they works
260 _aManchester
_bMancherter University Press
_c1979
300 _aviii 222 p.
_bIncludes bibliographical reference and index
650 _aFrench philosophy
_9820601
650 _aPhilosophy
_9820602
942 _hRv53.M L9/SC
_cREF
_2CC
_n0
999 _c691227
_d691227